书目信息 |
| 题名: |
管理学专业英语教程
|
|
| 作者: | 邱东林 , 王安宇 , 华宏鸣 主编 | |
| 分册: | 上 | |
| 出版信息: | 北京 中国人民大学出版社 2007.09 |
|
| 页数: | 268页 | |
| 开本: | 24cm | |
| 丛书名: | 大学专业英语系列教材 | |
| 单 册: | ||
| 中图分类: | H31 | |
| 科图分类: | ||
| 主题词: | 管理学--guan li xue--英语--高等学校--教材 | |
| 电子资源: | ||
| ISBN: | 978-7-300-08486-2 | |
| 000 | 01075nam 2200277 450 | |
| 001 | 012008578214 | |
| 005 | 20080423160101.12 | |
| 010 | @a978-7-300-08486-2@dCNY29.00 | |
| 100 | @a20080423d2007 em y0chiy0120 ea | |
| 101 | 0 | @achi@aeng |
| 102 | @aCN@b110000 | |
| 105 | @ay z 000yy | |
| 106 | @ar | |
| 200 | 1 | @a管理学专业英语教程@Aguan li xue zhuan ye ying yu jiao cheng@h上@f邱东林, 王安宇, 华宏鸣主编@Fqiu dong lin,wang an yu,hua hong ming zhu bian |
| 210 | @a北京@c中国人民大学出版社@d2007.09 | |
| 215 | @a268页@d24cm | |
| 225 | 2 | @a大学专业英语系列教材@Ada xue zhuan ye ying yu xi lie jiao cai |
| 330 | @a本书主要介绍了管理学科的理论及基本概念。全书共分12个单元,每单元有两篇阅读材料,每篇阅读材料后面都配有词汇、注释以及练习,并配有翻译技巧。 | |
| 410 | 0 | @12001 @a大学专业英语系列教材 |
| 606 | 0 | @a管理学@Aguan li xue@x英语@x高等学校@j教材 |
| 690 | @aH31@v4 | |
| 701 | 0 | @a邱东林@Aqiu dong lin@4主编 |
| 701 | 0 | @a王安宇@Awang an yu@4主编 |
| 701 | 0 | @a华宏鸣@Ahua hong ming@4主编 |
| 801 | 0 | @aCN@bQSSK@c20080423 |
| 905 | @b296938-40@dH31@eQ713:1@f3 | |
| 管理学专业英语教程.上/邱东林, 王安宇, 华宏鸣主编.-北京:中国人民大学出版社,2007.09 |
| 268页;24cm.-(大学专业英语系列教材) |
| ISBN 978-7-300-08486-2:CNY29.00 |
| 本书主要介绍了管理学科的理论及基本概念。全书共分12个单元,每单元有两篇阅读材料,每篇阅读材料后面都配有词汇、注释以及练习,并配有翻译技巧。 |
| ● |
| 相关链接 |
|
|
|
正题名:管理学专业英语教程
索取号:H31/Q713:1
 
预约/预借
| 序号 | 登录号 | 条形码 | 馆藏地/架位号 | 状态 | 备注 |
| 1 | 296938 | 202969387 | 管理学院资料室/209语言库 79排1列3层/ [索取号:H31/Q713:1] | 在馆 | |
| 2 | 296939 | 202969396 | 管理学院资料室/209语言库 79排1列3层/ [索取号:H31/Q713:1] | 在馆 | |
| 3 | 296940 | 202969403 | 管理学院资料室/209语言库 79排1列3层/ [索取号:H31/Q713:1] | 在馆 |